MARC

LEADER 00000nam0a2200000 4500
001 340022
005 20231102005210.0
035 |a (RuTPU)RU\TPU\book\366587 
090 |a 340022 
100 |a 20180208d1969 m y0rusy50 ca 
101 0 |a rus  |a eng  |a ger  |a fre 
102 |a RU 
105 |a a z 000zb 
200 1 |a Документы Великого Октября  |f сост. Р. Лавров, М. Манасов 
210 |a Москва  |c Политиздат  |d 1969 
215 |a 44 с.  |c ил. 
600 1 |a Ленин  |b В. И.  |c настоящая фамилия Ульянов  |c российский политический деятель  |f 1870-1924  |g Владимир Ильич  |2 stltpush  |3 (RuTPU)RU\TPU\pers\1074  |9 486 
606 1 |a Ленин В. И.  |x Жизнь и деятельность  |x Деловой стиль  |x Концепции  |x Философские взгляды  |2 stltpush  |3 (RuTPU)RU\TPU\subj\75568  |9 87284 
606 1 |a Великая Октябрьская Социалистическая революция  |x История КПСС  |2 stltpush  |3 (RuTPU)RU\TPU\subj\2120  |9 30726 
610 1 |a документы 
610 1 |a рукописи 
610 1 |a автографы 
610 1 |a письма 
610 1 |a копии 
610 1 |a декреты Советской власти 
686 |a Т3(2)6-8Ленин352  |v LBC/SL-A  |2 rubbk 
686 |a Ф61(2)257  |v LBC/SL-A  |2 rubbk 
702 1 |a Лавров  |b Р.  |4 220 
702 1 |a Манасов  |b М.  |4 220 
801 1 |a RU  |b 63413507  |c 20180208 
801 2 |a RU  |b 63413507  |c 20221202  |g RCR 
942 |c BK